01009cam a22003011 4500001000800000005001700008008004100025010001700066035001200083035001800095040003500113042001200148043001200160050001700172082001500189100002200204245005800226260004100284300003800325440004600363504003100409650003600440650004000476906004500516942001500561999001500576952011600591611274320260505155711.0720313s1965 inuab b 000 0 eng  a 64025258  a6112743 a(OCoLC)261661 aDLCcIRDPdOCoLCdNBrockUdDLC apremarc ae-uk-en00aHT177.L6bS6 a307.76 SHA1 aSmallwood, Frank.10aGreater London;bthe politics of metropolitan reform. aIndianapolis,bBobbs-Merrillc[1965] axi, 324 p.billus., maps.c21 cm. 4aThe advanced studies in political science aBibliographical footnotes. 0aCity planningzEnglandzLondon. 0aRegional planningzEnglandzLondon. a7bcbccoclcrplduencipf19gy-gencatlg 2ddccBOOKS c9603d9603 00102ddc4070a1000b1000cGround Floor d2026-05-05l0o307.76 SHApLIB003269r2026-05-05w2026-05-05yBOOKS